00982nam a22002537a 450000500170000001000130001702000230003003500130005303700160006604000120008208200110009410000240010524500580012926000420018727000580022930000210028765000560030865000640036470000230042894200200045199900190047195201220049095201160061220170124110130.0 aB-091286 c270.00a8126011318 aB-091286 bCen Lib/Ret aDPLbEN aNbRAO aRao Bahaddur932040 aGramayana /cby Rao Bahaddur; translated by P.V.Joshi aNew DelhibSahitya Akademi c2002 aRabindra Bhavan, 35 Ferozshah RoadbNew Delhie110001 a608p. c21cm(Hb) aKannada fiction -- Translations into English927414 aIndic fiction (English) -- Translations from Kannada927413 aJoshi, P.V.932041 2ddccENhNmRAO c131536d131536 00104070aLbLd2015-07-15eCen Lib/Retg270.00l0oN RAOpB-091286r2015-07-15 00:00:00t1v270.00w2015-07-15yEN 00102ddc40708FICaZLSbZLSd2018-12-20l2oN RAOpB-091288r2022-06-02 00:00:00s2022-05-27w2018-12-20yEN